| 000 | 00428nam a2200157 i 4500 | ||
|---|---|---|---|
| 001 | 21053 | ||
| 003 | ES-MaACL | ||
| 005 | 20230906152417.0 | ||
| 007 | t| | ||
| 008 | 021120s1977 sp ||||1| spa d | ||
| 100 | 1 |
_aAganova, O. N. _918530 |
|
| 245 | 1 | 0 |
_aPrincipios elementales de economía política / _cO. N. Aganova. |
| 260 |
_aMadrid : _bAkal, _c1977. |
||
| 300 |
_a197 p. ; _c18 cm. |
||
| 852 |
_aES-MaACL _jA-7894 _bR.97245 |
||
| 999 |
_c21053 _d21053 |
||